[Event "HUN-ch Rapid"]
[Site "Ajka"]
[Date "2023.07.22"]
[Round "9"]
[White "Horvath, Adam"]
[Black "Khechumyan, Gagik"]
[Result "1-0"]
[WhiteElo "2469"]
[BlackElo "2183"]
[PlyCount "137"]
[EventDate "2023.07.21"]
[EventType "swiss (rapid)"]
[EventRounds "13"]
[EventCountry "HUN"]
[SourceTitle "CBM 215 Extra"]
[Source "ChessBase"]
[SourceDate "2023.09.30"]
[SourceVersion "1"]
[SourceVersionDate "2023.09.30"]
[SourceQuality "1"]

1. e4 d6 2. d4 g6 3. Nc3 Bg7 4. h4 h6 5. g4 Nc6 6. Be3 e5 7. d5 Nd4 8. Nb5 Nxb5 9. Bxb5+ Bd7 10. Bxd7+ Qxd7 11. h5 f5 12. gxf5 gxf5 13. exf5 Qxf5 14. Ne2 Ne7 15. Ng3 Qf7 16. c4 0-0-0 17. a4 Kb8 18. a5 c6 19. a6 b6 20. Qb3 c5 21. 0-0-0 Nf5 22. Ne4 Nd4 23. Bxd4 exd4 24. Kb1 Qf5 25. Qd3 Rhf8 26. Rdg1 Be5 27. Rg6 Rde8 28. Rxh6 Bf4 29. Re6 Rxe6 30. dxe6 Qxe6 31. Rg1 d5 32. cxd5 Qxd5 33. Rg7 c4 34. Qf3 c3 35. Rb7+ Ka8 36. Rc7 Kb8 37. Rb7+ Ka8 38. h6 d3 39. bxc3 Qb3+ 40. Ka1 Qa3+ 41. Kb1 Qc1+ 42. Ka2 Qc2+ 43. Ka1 Qa4+ 44. Kb1 Qxa6 45. Nd6 Bxd6 46. Rf7+ Kb8 47. Rxf8+ Bxf8 48. Qxf8+ Kc7 49. Qe7+ Kc6 50. Qe6+ Kc5 51. Qe5+ Kc6 52. h7 d2 53. Qe4+ Kc7 54. Qf4+ Kc6 55. Qxd2 Qb5+ 56. Kc1 Qf1+ 57. Kc2 Qh3 58. Qd3 Qh2 59. Qg6+ Kb5 60. Qf5+ Ka4 61. Kb2 Qh6 62. Qd3 Ka5 63. Qf5+ Ka4 64. Qd7+ Ka5 65. Qxa7+ Kb5 66. Qd7+ Ka5 67. Qd3 Qh2 68. Qf5+ b5 69. c4 1-0

[Event "HUN-chT2 Maroczy 0405"]
[Site "Hungary"]
[Date "2005.04.24"]
[Round "11"]
[White "Khechumyan, Gagik"]
[Black "Ligart, Tamas"]
[Result "1/2-1/2"]
[WhiteElo "2284"]
[BlackElo "2185"]
[PlyCount "109"]
[EventDate "2004.09.26"]
[EventType "team-tourn"]
[EventRounds "11"]
[EventCountry "HUN"]
[SourceTitle "EXT 2008"]
[Source "ChessBase"]
[SourceDate "2007.11.25"]
[SourceVersion "1"]
[SourceVersionDate "2007.11.25"]
[SourceQuality "1"]
[WhiteTeam "Penzugyor"]
[BlackTeam "Edeleny"]
[WhiteTeamCountry "HUN"]
[BlackTeamCountry "HUN"]

1. e4 e5 2. Nf3 Nc6 3. Bb5 a6 4. Ba4 Nf6 5. 0-0 Be7 6. Re1 b5 7. Bb3 0-0 8. d3 d6 9. c3 Na5 10. Bc2 c5 11. Nbd2 Re8 12. Nf1 Bb7 13. Ng3 g6 14. Bg5 Bf8 15. Qd2 Bg7 16. b4 Nc6 17. Bb3 Qc7 18. Bh6 Bh8 19. h3 Nd8 20. a4 c4 21. dxc4 bxc4 22. Bc2 Ne6 23. Ng5 Nf4 24. Ne2 N6h5 25. Nxf4 Nxf4 26. g3 Ne6 27. a5 Nxg5 28. Bxg5 Bg7 29. Ba4 Bc6 30. Bxc6 Qxc6 31. Rad1 Bf8 32. Qd5 Qxd5 33. Rxd5 f5 34. exf5 gxf5 35. f4 Bg7 36. Rxd6 exf4 37. Rxe8+ Rxe8 38. b5 axb5 39. a6 Bf8 40. Rd8 Rxd8 41. Bxd8 Bc5+ 42. Kg2 fxg3 43. Kxg3 Kf7 44. Bc7 Ba7 45. Kf4 Ke6 46. Be5 Kd7 47. Kxf5 Kc6 48. h4 Kb6 49. h5 Kxa6 50. Bf4 Bc5 51. Kf6 b4 52. cxb4 Bd4+ 53. Kg5 Kb5 54. Kh6 Kxb4 55. Kxh7 1/2-1/2

[Event "HUN-chT2 Maroczy 0304"]
[Site "Hungary"]
[Date "2004.01.25"]
[Round "6"]
[White "Khechumyan, Gagik"]
[Black "Kovacs, Adrian"]
[Result "1-0"]
[WhiteElo "2290"]
[BlackElo "2179"]
[PlyCount "75"]
[EventDate "2003.09.28"]
[EventType "team-tourn"]
[EventRounds "11"]
[EventCountry "HUN"]
[SourceTitle "EXT 2005"]
[Source "ChessBase"]
[SourceDate "2004.11.15"]
[SourceVersion "1"]
[SourceVersionDate "2004.11.15"]
[SourceQuality "1"]

1. e4 c5 2. Nf3 e6 3. d3 Nc6 4. g3 g6 5. Bg2 Bg7 6. 0-0 Nge7 7. c3 d5 8. Qe2 0-0 9. Nbd2 b5 10. Nb3 b4 11. c4 Nd4 12. Nfxd4 cxd4 13. exd5 exd5 14. Bg5 f6 15. Rfe1 Rf7 16. Bd2 Rb8 17. Bf4 Rb6 18. c5 Re6 19. Qd2 f5 20. Qxb4 Nc6 21. Qa4 Qe8 22. Kf1 Bd7 23. Rxe6 Bxe6 24. Re1 Qc8 25. Bd6 Kh8 26. Rxe6 Qxe6 27. Qxc6 Re7 28. Bxd5 Qe1+ 29. Kg2 Re2 30. Qc8+ Re8 31. Qd7 Re2 32. Qd8+ Re8 33. Qa5 Qb1 34. c6 h5 35. c7 g5 36. Qb5 Qe1 37. Qd7 h4 38. Qxf5 1-0

[Event "HUN-chT2 Charousek 0203"]
[Site "Hungary"]
[Date "2003.04.13"]
[Round "11.1"]
[White "Grunberg, Mihai Lucian"]
[Black "Khechumyan, Gagik"]
[Result "1-0"]
[WhiteElo "2445"]
[BlackElo "2350"]
[PlyCount "32"]
[EventDate "2002.09.22"]
[EventType "team-tourn"]
[EventRounds "11"]
[EventCountry "HUN"]
[SourceTitle "EXT 2004"]
[Source "ChessBase"]
[SourceDate "2003.11.25"]
[SourceVersion "1"]
[SourceVersionDate "2003.11.25"]
[SourceQuality "1"]
[WhiteTeam "Matador"]
[BlackTeam "Penzugyor"]
[WhiteTeamCountry "HUN"]
[BlackTeamCountry "HUN"]

1. Nf3 e6 2. c4 c5 3. g3 Nc6 4. Bg2 Nge7 5. Nc3 Nf5 6. 0-0 Be7 7. e3 0-0 8. d4 d6 9. d5 Ne5 10. Nxe5 dxe5 11. b3 exd5 12. Nxd5 Re8 13. Qc2 Bf8 14. Bb2 Nd6 15. Rad1 Bg4 16. f3 Bh5 1-0

[Event "HUN-chT2 Charousek 0203"]
[Site "Hungary"]
[Date "2003.02.16"]
[Round "7.2"]
[White "Khechumyan, Gagik"]
[Black "Portisch, Ferenc"]
[Result "0-1"]
[WhiteElo "2350"]
[BlackElo "2313"]
[PlyCount "76"]
[EventDate "2002.09.22"]
[EventType "team-tourn"]
[EventRounds "11"]
[EventCountry "HUN"]
[SourceTitle "EXT 2004"]
[Source "ChessBase"]
[SourceDate "2003.11.25"]
[SourceVersion "1"]
[SourceVersionDate "2003.11.25"]
[SourceQuality "1"]
[WhiteTeam "Penzugyor"]
[BlackTeam "Csuti Hydro II"]
[WhiteTeamCountry "HUN"]
[BlackTeamCountry "HUN"]

1. e4 e6 2. d4 d5 3. Nd2 c5 4. dxc5 Bxc5 5. Bd3 Nc6 6. Ngf3 Nf6 7. Qe2 dxe4 8. Nxe4 Nxe4 9. Qxe4 Nb4 10. Bb5+ Bd7 11. Bg5 Qc7 12. Bxd7+ Qxd7 13. a3 Qd5 14. Qe2 Nc6 15. Rd1 Qf5 16. 0-0 0-0 17. b4 Bb6 18. c4 Nd4 19. Nxd4 Bxd4 20. Be7 Rfe8 21. Bd6 e5 22. c5 b6 23. Kh1 Rac8 24. Qb5 Qe6 25. f4 f6 26. fxe5 fxe5 27. Rd3 bxc5 28. bxc5 a6 29. Qb6 Qc4 30. Rdf3 Bxc5 31. Bxc5 Qxc5 32. Qxa6 e4 33. Rf7 e3 34. Qb7 Qc3 35. Qd5 Kh8 36. Qd6 h6 37. Rf8+ Rxf8 38. Rxf8+ Kh7 0-1

[Event "HUN-chT2 Charousek 0203"]
[Site "Hungary"]
[Date "2003.01.19"]
[Round "5.1"]
[White "Janoshalmi, Attila"]
[Black "Khechumyan, Gagik"]
[Result "1-0"]
[WhiteElo "2183"]
[BlackElo "2350"]
[PlyCount "114"]
[EventDate "2002.09.22"]
[EventType "team-tourn"]
[EventRounds "11"]
[EventCountry "HUN"]
[SourceTitle "EXT 2004"]
[Source "ChessBase"]
[SourceDate "2003.11.25"]
[SourceVersion "1"]
[SourceVersionDate "2003.11.25"]
[SourceQuality "1"]
[WhiteTeam "Kiraly Sakk"]
[BlackTeam "Penzugyor"]
[WhiteTeamCountry "HUN"]
[BlackTeamCountry "HUN"]

1. e4 c5 2. d4 cxd4 3. c3 d3 4. c4 Nc6 5. Bxd3 g6 6. Nf3 Bg7 7. 0-0 d6 8. h3 Nf6 9. Nc3 0-0 10. Bg5 h6 11. Be3 Nd7 12. Qd2 Nde5 13. Be2 Nxf3+ 14. Bxf3 Kh7 15. Rfd1 Ne5 16. Be2 Be6 17. b3 g5 18. Rac1 Qd7 19. c5 dxc5 20. Bxc5 Qxd2 21. Rxd2 Rfc8 22. Nd5 Nd7 23. Ba3 Rxc1+ 24. Bxc1 Nf6 25. Bf3 Bxd5 26. exd5 Rd8 27. Ba3 Rd7 28. d6 e6 29. Bb2 Ne8 30. Bxg7 Kxg7 31. Bxb7 Rxd6 32. Rxd6 Nxd6 33. Bc6 Kf6 34. b4 Ke5 35. a4 Kd4 36. g3 Kc4 37. b5 Kc5 38. Bd7 Nc4 39. Kg2 Kb4 40. f4 gxf4 41. gxf4 Nb6 42. Be8 f6 43. a5 Kxa5 44. Kg3 Nd5 45. Bd7 Nc7 46. Kg4 Nxb5 47. Bxe6 Kb4 48. Kf5 a5 49. Kxf6 a4 50. Ke5 Kc5 51. f5 Nd4 52. Ba2 Nf3+ 53. Kf6 h5 54. Kg6 h4 55. f6 Kd6 56. Kh5 Nd2 57. Kh6 Nf3 1-0

[Event "HUN-chT2 0102"]
[Site "Hungary"]
[Date "2002.02.10"]
[Round "7"]
[White "Khechumyan, Gagik"]
[Black "Braun, Marton"]
[Result "1-0"]
[WhiteElo "2315"]
[BlackElo "2152"]
[PlyCount "113"]
[EventDate "2001.??.??"]
[EventType "team-tourn"]
[EventRounds "11"]
[EventCountry "HUN"]
[SourceTitle "EXT 2004"]
[Source "ChessBase"]
[SourceDate "2003.11.25"]
[SourceVersion "1"]
[SourceVersionDate "2003.11.25"]
[SourceQuality "1"]

1. g3 Nf6 2. Bg2 d5 3. Nf3 c5 4. 0-0 Nc6 5. c4 d4 6. d3 e5 7. Na3 h6 8. Nc2 Bd6 9. Rb1 0-0 10. Bd2 Qe7 11. e4 a6 12. Nh4 Re8 13. h3 Rb8 14. a4 Be6 15. Nf5 Bxf5 16. exf5 Qd7 17. Be4 Ne7 18. g4 Qxa4 19. Bg2 Qb3 20. Re1 b5 21. Na3 Qxd1 22. Rexd1 b4 23. Nc2 a5 24. Ra1 Bc7 25. Ra4 e4 26. dxe4 Nc6 27. f3 Ne5 28. b3 Nc6 29. Ne1 Nd7 30. Nd3 Nce5 31. Nxe5 Nxe5 32. Bc1 f6 33. Kf2 Nd7 34. f4 Re7 35. Re1 Kf8 36. Bf1 Ra8 37. Bd3 Nb6 38. Ra2 a4 39. bxa4 Rxa4 40. Rxa4 Nxa4 41. Bd2 Nb2 42. Bf1 Na4 43. Bd3 Nb2 44. Ke2 Na4 45. Ra1 Nc3+ 46. Kf3 Ke8 47. Bc2 Kd7 48. h4 Kc6 49. g5 hxg5 50. hxg5 Re8 51. Bxc3 Rh8 52. Be1 Rh3+ 53. Bg3 fxg5 54. Kg4 Rxg3+ 55. Kxg3 gxf4+ 56. Kf3 Be5 57. Ra6+ 1-0

[Event "HUN-chT2 0102"]
[Site "Hungary"]
[Date "2001.09.30"]
[Round "1"]
[White "Sinkovics, Peter"]
[Black "Khechumyan, Gagik"]
[Result "0-1"]
[WhiteElo "2301"]
[BlackElo "2315"]
[PlyCount "56"]
[EventDate "2001.??.??"]
[EventType "team-tourn"]
[EventRounds "11"]
[EventCountry "HUN"]
[SourceTitle "EXT 2004"]
[Source "ChessBase"]
[SourceDate "2003.11.25"]
[SourceVersion "1"]
[SourceVersionDate "2003.11.25"]
[SourceQuality "1"]

1. d4 g6 2. c4 Bg7 3. e4 d6 4. Nc3 Nf6 5. Nf3 0-0 6. Be2 c5 7. dxc5 dxc5 8. Be3 Qa5 9. Nd2 Rd8 10. Qc1 Ng4 11. Nb3 Bxc3+ 12. bxc3 Qc7 13. Bxc5 Na6 14. Ba3 Ne5 15. c5 Be6 16. c4 Qc6 17. 0-0 Qxe4 18. Re1 Qh4 19. Bb2 Nd3 20. Bxd3 Rxd3 21. f4 Rad8 22. Be5 Nb4 23. Qb2 R3d7 24. g3 Qh3 25. Qe2 Nd3 26. Rf1 Bxc4 27. Na5 Nxf4 28. Qf2 Ne2+ 0-1

[Event "Budapest FS04 IM-A"]
[Site "Budapest"]
[Date "2001.04.17"]
[Round "11"]
[White "Khechumyan, Gagik"]
[Black "Eperjesi, Laszlo"]
[Result "1/2-1/2"]
[WhiteElo "2221"]
[BlackElo "2303"]
[PlyCount "52"]
[EventDate "2001.04.07"]
[EventType "tourn"]
[EventRounds "12"]
[EventCountry "HUN"]
[EventCategory "2"]
[SourceTitle "CBM 081 Extra"]
[Source "ChessBase"]
[SourceDate "2001.05.06"]
[SourceVersion "1"]
[SourceVersionDate "2001.05.06"]
[SourceQuality "1"]

1. c4 c5 2. Nc3 Nc6 3. g3 g6 4. Bg2 Bg7 5. e3 e5 6. Nge2 Nge7 7. 0-0 0-0 8. b3 d6 9. h3 Be6 10. Bb2 d5 11. d3 Qd7 12. Kh2 f5 13. e4 dxe4 14. dxe4 Nd4 15. f4 Rad8 16. fxe5 Bxe5 17. Nc1 Bf7 18. Nd3 Bb8 19. Nd5 Nxd5 20. exd5 Qd6 21. Rf4 b6 22. b4 Qe7 23. bxc5 Bxf4 24. gxf4 bxc5 25. Nxc5 Ne2 26. Qd2 Rfe8 1/2-1/2

[Event "Budapest FS04 IM-A"]
[Site "Budapest"]
[Date "2001.04.15"]
[Round "9"]
[White "Khechumyan, Gagik"]
[Black "Sinkovics, Peter"]
[Result "1-0"]
[WhiteElo "2221"]
[BlackElo "2317"]
[PlyCount "95"]
[EventDate "2001.04.07"]
[EventType "tourn"]
[EventRounds "12"]
[EventCountry "HUN"]
[EventCategory "2"]
[SourceTitle "CBM 081 Extra"]
[Source "ChessBase"]
[SourceDate "2001.05.06"]
[SourceVersion "1"]
[SourceVersionDate "2001.05.06"]
[SourceQuality "1"]

1. d4 Nf6 2. g3 d5 3. Bg2 c6 4. Nf3 Bg4 5. Ne5 Bh5 6. c4 e6 7. Nc3 Nbd7 8. 0-0 Nxe5 9. dxe5 Nd7 10. cxd5 exd5 11. h3 Bc5 12. Nxd5 cxd5 13. Qxd5 Qe7 14. b4 Bb6 15. Bb2 Bg6 16. Rfd1 Bf5 17. a4 Be6 18. Qxb7 Rb8 19. Qe4 a5 20. bxa5 Bxa5 21. Ba3 Bb4 22. Bxb4 Rxb4 23. Rd4 Rxd4 24. Qxd4 0-0 25. a5 Nc5 26. Qb4 Qc7 27. Rc1 Na6 28. Rxc7 Nxb4 29. Rb7 Na6 30. Rb6 Bc8 31. f4 Rd8 32. Kf2 Kf8 33. Bc6 Nc7 34. Be4 Ba6 35. Ke1 Rd4 36. Bc2 Ke7 37. Bxh7 Rd5 38. Bf5 Rxa5 39. Rc6 Nd5 40. Be4 Nb4 41. Rc7+ Ke6 42. Bf3 g6 43. h4 Ra1+ 44. Kf2 Ra2 45. h5 Rd2 46. Ke3 Rd8 47. hxg6 fxg6 48. Ke4 1-0

[Event "Budapest FS04 IM-A"]
[Site "Budapest"]
[Date "2001.04.11"]
[Round "5"]
[White "Rajlich, Vasik G"]
[Black "Khechumyan, Gagik"]
[Result "1-0"]
[WhiteElo "2337"]
[BlackElo "2221"]
[PlyCount "66"]
[EventDate "2001.04.07"]
[EventType "tourn"]
[EventRounds "12"]
[EventCountry "HUN"]
[EventCategory "2"]
[SourceTitle "CBM 081 Extra"]
[Source "ChessBase"]
[SourceDate "2001.05.06"]
[SourceVersion "1"]
[SourceVersionDate "2001.05.06"]
[SourceQuality "1"]

1. e4 d6 2. d4 g6 3. Nc3 Bg7 4. Be3 a6 5. Qd2 b5 6. a4 b4 7. Nd1 a5 8. f3 c6 9. h4 h6 10. Nf2 e6 11. 0-0-0 Nd7 12. Ne2 Ne7 13. g4 Ba6 14. f4 Qc7 15. h5 0-0-0 16. hxg6 fxg6 17. Bh3 c5 18. g5 Bxe2 19. Qxe2 cxd4 20. gxh6 Rxh6 21. Bxd4 Bxd4 22. Rxd4 Nc5 23. Rc4 Qd7 24. Rxc5+ dxc5 25. Qa6+ Kc7 26. Qxa5+ Kb7 27. Nd3 Rc8 28. Nxc5+ Rxc5 29. Qxc5 Nc6 30. Rd1 Qf7 31. Bf1 Qxf4+ 32. Kb1 Rh7 33. Ba6+ Kc7 1-0

[Event "Budapest FS04 IM-A"]
[Site "Budapest"]
[Date "2001.04.10"]
[Round "4"]
[White "Khechumyan, Gagik"]
[Black "Valenti, Giuseppe"]
[Result "1-0"]
[WhiteElo "2221"]
[BlackElo "2206"]
[PlyCount "79"]
[EventDate "2001.04.07"]
[EventType "tourn"]
[EventRounds "12"]
[EventCountry "HUN"]
[EventCategory "2"]
[SourceTitle "CBM 081 Extra"]
[Source "ChessBase"]
[SourceDate "2001.05.06"]
[SourceVersion "1"]
[SourceVersionDate "2001.05.06"]
[SourceQuality "1"]

1. c4 Nf6 2. Nc3 c5 3. g3 Nc6 4. Bg2 e6 5. Nf3 Be7 6. 0-0 a6 7. d4 cxd4 8. Nxd4 Qb6 9. Nc2 d6 10. b3 0-0 11. e4 Rb8 12. Bb2 Ne5 13. Kh1 Nxc4 14. Bc1 Ne5 15. Ne3 Qc7 16. Bb2 b5 17. f4 Ned7 18. g4 b4 19. Ne2 Bb7 20. Rc1 Nc5 21. Ng3 Qd8 22. Qd4 Ncd7 23. g5 e5 24. Qd1 Ne8 25. h4 exf4 26. Rxf4 Ne5 27. Ngf5 Nc7 28. Nxe7+ Qxe7 29. Nf5 Qd8 30. Nxd6 Ng6 31. Rg4 Ne6 32. h5 Ngf4 33. h6 g6 34. Rxf4 Qxg5 35. Rf2 Qxh6+ 36. Kg1 Rbd8 37. Qd2 Qxd2 38. Rxd2 f6 39. Rcc2 Bc8 40. Bf1 1-0

[Event "HUN-chT 0001"]
[Site "Hungary"]
[Date "2001.04.08"]
[Round "10"]
[White "Khechumyan, Gagik"]
[Black "Flumbort, Andras"]
[Result "0-1"]
[WhiteElo "2255"]
[BlackElo "2355"]
[PlyCount "82"]
[EventDate "2000.11.26"]
[EventType "team-tourn"]
[EventRounds "11"]
[EventCountry "HUN"]
[SourceTitle "EXT 2009"]
[Source "ChessBase"]
[SourceDate "2008.11.26"]
[SourceVersion "1"]
[SourceVersionDate "2008.11.26"]
[SourceQuality "1"]
[WhiteTeam "Penzugyor"]
[BlackTeam "Nagykanizsa"]
[WhiteTeamCountry "HUN"]
[BlackTeamCountry "HUN"]

1. c4 Nf6 2. Nc3 d5 3. d4 g6 4. cxd5 Nxd5 5. Na4 Bg7 6. e4 Nb6 7. Be3 0-0 8. Nc5 Nc6 9. Nf3 Bg4 10. Nxb7 Qb8 11. Nc5 Bxf3 12. Qxf3 Nxd4 13. Qd1 Rd8 14. Qc1 Qc8 15. f3 Ne6 16. Rb1 Nxc5 17. Qxc5 Qe6 18. b3 Be5 19. Be2 Qf6 20. 0-0 Rd2 21. Rf2 Rxa2 22. f4 Bd6 23. Qc1 Ba3 24. Qd1 Qc3 25. Qd3 Rc2 26. Bd4 Qxd3 27. Bxd3 Rc1+ 28. Rxc1 Bxc1 29. Bf1 Rd8 30. Bc5 Nd7 31. Bxa7 Ra8 32. Bd4 c5 33. Rc2 Bxf4 34. Bf2 Rb8 35. g3 Be5 36. Bh3 e6 37. Rd2 Nf6 38. Bg2 Rxb3 39. Bxc5 Rb1+ 40. Bf1 Nxe4 41. Rd8+ Kg7 0-1

[Event "Budapest FS04 IM-A"]
[Site "Budapest"]
[Date "2001.04.08"]
[Round "2"]
[White "Khechumyan, Gagik"]
[Black "Spielmann, Alain"]
[Result "1-0"]
[WhiteElo "2221"]
[BlackElo "2341"]
[PlyCount "63"]
[EventDate "2001.04.07"]
[EventType "tourn"]
[EventRounds "12"]
[EventCountry "HUN"]
[EventCategory "2"]
[SourceTitle "CBM 081 Extra"]
[Source "ChessBase"]
[SourceDate "2001.05.06"]
[SourceVersion "1"]
[SourceVersionDate "2001.05.06"]
[SourceQuality "1"]

1. c4 Nf6 2. Nc3 c5 3. e4 d6 4. Nge2 e6 5. d4 cxd4 6. Nxd4 a6 7. g3 Qc7 8. Bg5 Be7 9. Rc1 b6 10. Bg2 Bb7 11. 0-0 0-0 12. f4 Re8 13. b4 Nbd7 14. f5 e5 15. Nd5 Qd8 16. Nxe7+ Qxe7 17. Nc2 Rec8 18. Qd3 b5 19. Ne3 bxc4 20. Nxc4 d5 21. exd5 Qxb4 22. Rb1 Qxc4 23. Qxc4 Rxc4 24. Rxb7 Rac8 25. Rfb1 h6 26. Bd2 Rc2 27. R1b2 e4 28. d6 Ne5 29. Rxc2 Rxc2 30. Bf4 Nc6 31. d7 Kh7 32. Rc7 1-0

[Event "Budapest Spring op 17th"]
[Site "Budapest"]
[Date "2001.03.18"]
[Round "3"]
[White "Horvath, Gabor"]
[Black "Khechumyan, Gagik"]
[Result "0-1"]
[WhiteElo "2328"]
[BlackElo "2227"]
[PlyCount "52"]
[EventDate "2001.03.16"]
[EventType "swiss"]
[EventRounds "9"]
[EventCountry "HUN"]
[SourceTitle "CBM 081 Extra"]
[Source "ChessBase"]
[SourceDate "2001.05.06"]
[SourceVersion "1"]
[SourceVersionDate "2001.05.06"]
[SourceQuality "1"]

1. e4 g6 2. d4 Bg7 3. Nf3 d6 4. Bc4 a6 5. a4 Nf6 6. Qe2 0-0 7. 0-0 c6 8. Bb3 d5 9. Nbd2 dxe4 10. Nxe4 Nbd7 11. Re1 b5 12. Nxf6+ exf6 13. axb5 cxb5 14. Bd5 Ra7 15. Qe7 Qb6 16. Be3 f5 17. Bb3 Nf6 18. Qb4 Ng4 19. Bf4 Rd7 20. h3 Bb7 21. hxg4 fxg4 22. Ne5 Rxd4 23. Be3 Bxe5 24. Bxd4 Bxd4 25. Re7 Qf6 26. Ree1 g3 0-1

[Event "Budapest FS02 IM-A"]
[Site "Budapest"]
[Date "2001.02.10"]
[Round "7"]
[White "Khechumyan, Gagik"]
[Black "Xu, Hanbing"]
[Result "0-1"]
[WhiteElo "2227"]
[BlackElo "2218"]
[PlyCount "60"]
[EventDate "2001.02.03"]
[EventType "tourn"]
[EventRounds "12"]
[EventCountry "HUN"]
[EventCategory "3"]
[SourceTitle "CBM 080 Extra"]
[Source "ChessBase"]
[SourceDate "2001.03.08"]
[SourceVersion "1"]
[SourceVersionDate "2001.03.08"]
[SourceQuality "1"]

1. Nf3 Nf6 2. g3 g6 3. Bg2 Bg7 4. d4 d5 5. c4 dxc4 6. Qa4+ Nc6 7. Ne5 0-0 8. Nxc6 bxc6 9. Qxc6 Rb8 10. 0-0 Qxd4 11. Qxc7 Rxb2 12. Be3 Nd5 13. Bxd4 Nxc7 14. Bxg7 Kxg7 15. Rc1 Be6 16. Na3 Nb5 17. Nxc4 Rxe2 18. a4 Nd4 19. Na5 Re5 20. Nc6 Nxc6 21. Rxc6 Ra5 22. Bf1 Rb8 23. Ra6 Rxa6 24. Bxa6 Rb4 25. a5 Bc4 26. Bc8 a6 27. Rc1 Bb5 28. Kg2 Ra4 29. Rc5 Rxa5 30. Bxa6 Bf1+ 0-1

[Event "Budapest FS02 IM-A"]
[Site "Budapest"]
[Date "2001.02.05"]
[Round "2"]
[White "Magyar, Otto"]
[Black "Khechumyan, Gagik"]
[Result "0-1"]
[WhiteElo "2343"]
[BlackElo "2227"]
[PlyCount "42"]
[EventDate "2001.02.03"]
[EventType "tourn"]
[EventRounds "12"]
[EventCountry "HUN"]
[EventCategory "3"]
[SourceTitle "CBM 080 Extra"]
[Source "ChessBase"]
[SourceDate "2001.03.08"]
[SourceVersion "1"]
[SourceVersionDate "2001.03.08"]
[SourceQuality "1"]

1. e4 d6 2. d4 g6 3. c4 Bg7 4. Nc3 Nd7 5. Be3 e5 6. d5 Ndf6 7. f3 Nh5 8. Nge2 f5 9. Qd2 Ngf6 10. exf5 gxf5 11. 0-0-0 f4 12. Bf2 0-0 13. Ng1 e4 14. Bd4 e3 15. Qc2 c5 16. dxc6 bxc6 17. g4 fxg3 18. Bxe3 Qa5 19. Bg2 Be6 20. Qa4 Qe5 21. Bd2 Nf4 0-1

[Event "HUN-chT 0001"]
[Site "Hungary"]
[Date "2001.01.21"]
[Round "5"]
[White "Khechumyan, Gagik"]
[Black "Molnar, Bela"]
[Result "1-0"]
[WhiteElo "2255"]
[BlackElo "2373"]
[PlyCount "53"]
[EventDate "2000.11.26"]
[EventType "team-tourn"]
[EventRounds "11"]
[EventCountry "HUN"]
[SourceTitle "EXT 2009"]
[Source "ChessBase"]
[SourceDate "2008.11.26"]
[SourceVersion "1"]
[SourceVersionDate "2008.11.26"]
[SourceQuality "1"]
[WhiteTeam "Penzugyor"]
[BlackTeam "Paks"]
[WhiteTeamCountry "HUN"]
[BlackTeamCountry "HUN"]

1. d4 g6 2. c4 Bg7 3. Nc3 c5 4. Nf3 cxd4 5. Nxd4 Nc6 6. Nxc6 bxc6 7. e4 d6 8. Be2 Rb8 9. 0-0 Nf6 10. c5 0-0 11. cxd6 exd6 12. Bf4 Rxb2 13. Bxd6 Re8 14. e5 Nd5 15. Nxd5 cxd5 16. Bf3 Ba6 17. Re1 Qb6 18. Bxd5 Qxf2+ 19. Kh1 Bc4 20. Qa4 Bb5 21. Qe4 Kh8 22. a4 Ba6 23. Bc6 Rc8 24. e6 Bd3 25. Qxd3 Rxc6 26. Qe4 Rc4 27. Qa8+ 1-0

[Event "HUN-chT 0001"]
[Site "Hungary"]
[Date "2001.01.14"]
[Round "4"]
[White "Khechumyan, Gagik"]
[Black "Galyas, Miklos"]
[Result "1/2-1/2"]
[WhiteElo "2255"]
[BlackElo "2420"]
[PlyCount "66"]
[EventDate "2000.11.26"]
[EventType "team-tourn"]
[EventRounds "11"]
[EventCountry "HUN"]
[SourceTitle "EXT 2009"]
[Source "ChessBase"]
[SourceDate "2008.11.26"]
[SourceVersion "1"]
[SourceVersionDate "2008.11.26"]
[SourceQuality "1"]
[WhiteTeam "Penzugyor"]
[BlackTeam "Postas"]
[WhiteTeamCountry "HUN"]
[BlackTeamCountry "HUN"]

1. Nf3 d5 2. g3 Nf6 3. Bg2 c6 4. 0-0 Bg4 5. Ne5 Bh5 6. c4 Nbd7 7. d4 e6 8. Nc3 Nxe5 9. dxe5 Nd7 10. cxd5 cxd5 11. Qa4 a6 12. Rd1 b5 13. Qf4 Bc5 14. Nxd5 exd5 15. Rxd5 Rc8 16. Bh3 Rc7 17. b4 Bb6 18. Bb2 0-0 19. Qd2 Qe7 20. Bxd7 Bxe2 21. Qxe2 Rxd7 22. Rxd7 Qxd7 23. Rd1 Qb7 24. e6 Re8 25. Rd6 fxe6 26. Qe5 Bd8 27. Rxe6 Rf8 28. Rxa6 Kh8 29. Qc5 Qf3 30. Ra7 Qd1+ 31. Kg2 Qf3+ 32. Kg1 Qd1+ 33. Kg2 Qf3+ 1/2-1/2

[Event "Tapolca op"]
[Site "Budapest"]
[Date "2001.01.11"]
[Round "7.11"]
[White "Khechumyan, Gagik"]
[Black "Csolig, Robert"]
[Result "0-1"]
[WhiteElo "2227"]
[BlackElo "2121"]
[PlyCount "130"]
[EventDate "2001.01.07"]
[EventType "swiss"]
[EventRounds "9"]
[EventCountry "HUN"]
[SourceTitle "EXT 2004"]
[Source "ChessBase"]
[SourceDate "2003.11.25"]
[SourceVersion "1"]
[SourceVersionDate "2003.11.25"]
[SourceQuality "1"]

1. e4 c5 2. Nc3 e6 3. g3 d5 4. Bg2 dxe4 5. Nxe4 Nf6 6. Nxf6+ Qxf6 7. Nf3 Nc6 8. 0-0 Be7 9. c3 0-0 10. d4 cxd4 11. Bg5 Qf5 12. Bxe7 Nxe7 13. Nxd4 Qc5 14. Re1 e5 15. Qe2 Ng6 16. Qb5 Qe7 17. Nb3 Rb8 18. Qc5 Qxc5 19. Nxc5 b6 20. Nd3 f6 21. Nb4 Bb7 22. Nc6 Bxc6 23. Bxc6 Rfd8 24. Red1 Kf8 25. Kf1 Ke7 26. Ke2 Nf8 27. a4 a5 28. Rxd8 Rxd8 29. Rd1 Rxd1 30. Kxd1 Ne6 31. Kd2 Kd6 32. Be4 g6 33. Ke3 Nc5 34. Bc2 Kd5 35. h4 Nd7 36. Bb3+ Kd6 37. Bc2 f5 38. Bd1 Nf6 39. Bf3 e4 40. Bd1 Ke5 41. f4+ Kd5 42. Bb3+ Kc5 43. Ba2 Ng4+ 44. Ke2 Nf6 45. Be6 Kd6 46. Bc8 Nh5 47. Kf2 Nf6 48. Ke3 Kc5 49. Be6 Ng4+ 50. Ke2 Nf6 51. Bf7 Nh5 52. Kf2 Nf6 53. Bb3 Kc6 54. Bd1 Kc5 55. Be2 Kd5 56. Ke3 Kc5 57. b3 Nd5+ 58. Kd2 Nf6 59. Ke1 Nd5 60. Bc4 Nxc3 61. Bg8 Nd5 62. Bxh7 Ne7 63. g4 fxg4 64. h5 gxh5 65. f5 Nd5 0-1